2023-2024 FBS Final Rankings - Statistics

General Stats
  • This quiz has been taken 34 times
  • The average score is 20 of 25
Answer Stats
Hint Answer % Correct
SEC Alabama
100%
SEC Georgia
100%
Big Ten Michigan
100%
Big 12 Texas
100%
Big Ten Ohio State
96%
Pac-12 Oregon
96%
Pac-12 Washington
96%
ACC Florida State
92%
Independent Notre Dame
88%
Big 12 Oklahoma
85%
Big Ten Penn State
85%
SEC Tennessee
85%
SEC Missouri
81%
ACC Clemson
77%
Big Ten Iowa
77%
Big 12 Kansas
77%
SEC LSU
77%
Big 12 Kansas State
73%
SEC Mississippi
73%
Big 12 Oklahoma State
73%
Pac-12 Arizona
69%
ACC North Carolina State
69%
ACC Louisville
54%
Conference USA Liberty
50%
AAC SMU
42%
No matching quizzes found
Score Distribution
Percent of People with Each Score
Percentile by Number Answered
Your Score History
You have not taken this quiz